000 00447nam a2200181 a 4500
001 1777709375502
003 YourLibrary
005 20260502134132.0
008 260502s2008##################000#0#eng##
020 _a9789041127631
082 0 4 _a343.0526
_bLAN
100 1 _aLang, Michael,
_eauthor.
245 1 0 _aSource Versus Residence :
260 _c2008.
650 0 _aAliens.
942 _cENGLISH
040 _aYourLibrary
_beng
_cYourLibrary
999 _c622076
_d622076